000
00296nam a22001217a 4500
008
171009b xxu||||| |||| 00| 0 eng d
041
_a
eng
080
_2
5TH
_a
159.9
100
_a
49
101
_a
PSI
245
_a
SOCIAL PSYCHOLOGY: UNDERSTANDING HUMAN INTERACTION
_c
BARON,R.A
942
_2
udc
_c
BK
999
_c
32613
_d
32613